[Event "Col Ch "]
[Site "Ibague "]
[Date "2013.07.05"]
[Round "8.17"]
[White "Guerrero Sierra, Juan Carlos"]
[Black "Lozano, Nestor Favian"]
[Result "1/2-1/2"]
[WhiteElo "2227"]
[BlackElo "2110"]
[PlyCount "86"]
[EventDate "2013.07.01"]
[EventType "swiss"]
[EventRounds "11"]
[EventCountry "COL"]
[SourceDate "2005.09.12"]

1. d4 g6 2. c4 Bg7 3. Nc3 c5 4. d5 Nf6 5. e4 d6 6. Nf3 Bg4 7. Bd3 O-O 8. h3
Bxf3 9. Qxf3 Nbd7 10. Qe2 e6 11. O-O exd5 12. exd5 Re8 13. Qc2 a6 14. a4 Qe7
15. Bd2 Nh5 16. g4 Nhf6 17. Rae1 Qf8 18. f4 Rxe1 19. Rxe1 Re8 20. Qd1 Rxe1+ 21.
Qxe1 Qe8 22. Kg2 Qxe1 23. Bxe1 Kf8 24. Kf3 Ne8 25. Nd1 Ke7 26. a5 Bd4 27. b3
Ng7 28. h4 h6 29. Nc3 Ne8 30. Ne2 Bb2 31. Ng3 Kf8 32. Bd2 Kg7 33. Bf1 Ba3 34.
g5 Bb4 35. Ke2 hxg5 36. hxg5 Kf8 37. Bh3 Bxd2 38. Kxd2 Ke7 39. f5 gxf5 40.
Nxf5+ Kd8 41. Ke3 Ne5 42. Ke4 Kc7 43. Ne7 f6 1/2-1/2

[Event "Col Ch "]
[Site "Ibague "]
[Date "2013.07.05"]
[Round "8.18"]
[White "Dominguez, Ramiro"]
[Black "Dominguez, Oscar"]
[Result "1-0"]
[WhiteElo "2225"]
[BlackElo "2092"]
[PlyCount "125"]
[EventDate "2013.07.01"]
[EventType "swiss"]
[EventRounds "11"]
[EventCountry "COL"]
[SourceDate "2005.09.12"]

1. e4 c5 2. Ne2 a6 3. Nbc3 d6 4. d4 cxd4 5. Nxd4 Nf6 6. Be2 e5 7. Nb3 Be7 8. f4
b5 9. Bf3 Bb7 10. Be3 Nbd7 11. Qd2 O-O 12. a4 b4 13. Nd5 Nxd5 14. exd5 a5 15.
O-O exf4 16. Bxf4 Bf6 17. Nd4 Qb6 18. Be3 Rfe8 19. Nf5 Qc7 20. Bd4 Ne5 21. Kh1
Ba6 22. Rf2 Bc8 23. Be2 Bxf5 24. Rxf5 Rec8 25. Rxf6 gxf6 26. c3 bxc3 27. Bxc3
Qe7 28. Rf1 Kg7 29. Rf4 Rg8 30. Rh4 Kh8 31. Qh6 Rg7 32. Bg4 Ng6 33. Rh5 Re8 34.
h3 Qe3 35. Qxe3 Rxe3 36. Bxf6 Re5 37. Rxe5 Nxe5 38. Bf5 Kg8 39. g4 Kf8 40. Kh2
h5 41. Kg3 hxg4 42. h4 Nc4 43. h5 Kg8 44. b3 Ne3 45. Be4 Nf1+ 46. Kf2 Nd2 47.
Bc2 Rh7 48. Bxh7+ Kxh7 49. Be7 f5 50. Ke2 Nxb3 51. Bxd6 Kh6 52. Bc7 Nc5 53. d6
Kxh5 54. Bxa5 Kh4 55. Be1+ Kh3 56. a5 f4 57. a6 f3+ 58. Ke3 g3 59. a7 g2 60.
Bf2 g1=Q 61. Bxg1 Kg2 62. a8=Q Kxg1 63. Kxf3 1-0

[Event "Col Ch "]
[Site "Ibague "]
[Date "2013.07.05"]
[Round "8.20"]
[White "Garces, Javier"]
[Black "Munoz, Jhon Edison"]
[Result "0-1"]
[WhiteElo "2001"]
[BlackElo "2214"]
[PlyCount "118"]
[EventDate "2013.07.01"]
[EventType "swiss"]
[EventRounds "11"]
[EventCountry "COL"]
[SourceDate "2005.09.12"]

1. d4 Nf6 2. Nf3 e6 3. Bf4 c5 4. c3 Nc6 5. e3 b6 6. h3 Be7 7. Be2 O-O 8. O-O
Bb7 9. Nbd2 Nd5 10. Bh2 d6 11. e4 Nf6 12. Re1 cxd4 13. cxd4 Rc8 14. Rc1 d5 15.
e5 Nd7 16. a3 Re8 17. Bd3 a6 18. Nf1 b5 19. Qd2 Na5 20. Rxc8 Bxc8 21. Qf4 Nf8
22. Ng3 Nc4 23. Re2 Bd7 24. Nh5 Ng6 25. Qg4 a5 26. Bf4 b4 27. axb4 axb4 28. Bg5
Qa5 29. Bxe7 Rxe7 30. Qg5 Qd8 31. h4 Re8 32. Qg4 Bb5 33. Nf4 Nxf4 34. Qxf4 h6
35. g4 Na3 36. Bxb5 Nxb5 37. h5 Qe7 38. Rc2 Rb8 39. Qc1 Qd8 40. Rc5 b3 41. Kg2
Qf8 42. Kg3 Na7 43. Nd2 f6 44. exf6 Qxf6 45. Nf3 Rf8 46. Qe3 Nc8 47. Rc6 Re8
48. Qxb3 Ne7 49. Rb6 g6 50. Qe3 Nc8 51. Rb8 gxh5 52. gxh5 Kh7 53. Ne5 Rg8+ 54.
Ng6 Nd6 55. Qb3 Ne4+ 56. Kh3 Qf5+ 57. Kg2 Qxf2+ 58. Kh3 Qf5+ 59. Kg2 Qg4+ 0-1

[Event "Col Ch "]
[Site "Ibague "]
[Date "2013.07.05"]
[Round "8.21"]
[White "Cardozo, Carlos Eduardo"]
[Black "Ramirez, Benjamin Dario"]
[Result "1-0"]
[WhiteElo "1990"]
[BlackElo "2214"]
[PlyCount "73"]
[EventDate "2013.07.01"]
[EventType "swiss"]
[EventRounds "11"]
[EventCountry "COL"]
[SourceDate "2005.09.12"]

1. d4 d5 2. Nf3 Nf6 3. e3 e6 4. Bd3 c5 5. O-O Bd6 6. Nbd2 Nc6 7. c3 e5 8. dxe5
Nxe5 9. Nxe5 Bxe5 10. Nf3 Bc7 11. h3 O-O 12. Qc2 Qe7 13. Re1 Ne4 14. c4 f5 15.
cxd5 Qd6 16. b3 Bd7 17. Bb2 Rae8 18. Rac1 h6 19. b4 b6 20. a4 Ng5 21. Nxg5 Qh2+
22. Kf1 hxg5 23. Ke2 f4 24. Bh7+ Kh8 25. Qg6 Be5 26. Bxe5 Rxe5 27. Qh5 f3+ 28.
gxf3 Qxh3 29. Qxh3 Bxh3 30. Be4 Bf5 31. bxc5 bxc5 32. Rxc5 Bxe4 33. fxe4 Rxe4
34. d6 Rd8 35. Rd1 Kh7 36. d7 Re7 37. Rc7 1-0

[Event "Col Ch "]
[Site "Ibague "]
[Date "2013.07.05"]
[Round "8.22"]
[White "Gutierrez, Ramon"]
[Black "Blandon, Luis Guillermo"]
[Result "0-1"]
[WhiteElo "2207"]
[BlackElo "1993"]
[PlyCount "36"]
[EventDate "2013.07.01"]
[EventType "swiss"]
[EventRounds "11"]
[EventCountry "COL"]
[SourceDate "2005.09.12"]

1. e4 c5 2. Nf3 d6 3. d4 cxd4 4. Nxd4 Nf6 5. Nc3 g6 6. f4 Nc6 7. Bb5 Bd7 8.
Bxc6 Bxc6 9. Qd3 Bg7 10. Be3 Qa5 11. O-O-O O-O 12. h3 Rac8 13. Nb3 Qc7 14. Rhe1
b5 15. Re2 a6 16. Kb1 b4 17. Nd5 Nxd5 18. exd5 Bb5 0-1

[Event "Col Ch "]
[Site "Ibague "]
[Date "2013.07.05"]
[Round "8.24"]
[White "Chavarro, Hugo"]
[Black "Gonzalez Parejo, Ramon Junior"]
[Result "1/2-1/2"]
[WhiteElo "2296"]
[BlackElo "2094"]
[PlyCount "94"]
[EventDate "2013.07.01"]
[EventType "swiss"]
[EventRounds "11"]
[EventCountry "COL"]
[SourceDate "2005.09.12"]

1. Nf3 Nf6 2. c4 g6 3. g3 Bg7 4. Bg2 O-O 5. O-O d6 6. d4 Bg4 7. h3 Bxf3 8. exf3
Nc6 9. f4 Nd7 10. Be3 a6 11. Nc3 Na5 12. Qe2 c5 13. Rad1 Qc8 14. Nd5 Re8 15.
dxc5 dxc5 16. Rc1 e6 17. Nc3 Nc6 18. Ne4 Qc7 19. Nxc5 Nxc5 20. Bxc5 b6 21. Be3
Rad8 22. Rfd1 Nd4 23. Qf1 Nf5 24. b4 Bf8 25. Bd2 Rxd2 26. Rxd2 Bxb4 27. Rd3 h5
28. h4 Bc5 29. Qd1 Qe7 30. Qa4 Rd8 31. Rcd1 Rxd3 32. Rxd3 a5 33. Qd1 Qf6 34.
Be4 Nd4 35. Kg2 Kg7 36. f3 e5 37. Qd2 exf4 38. Qxf4 Qxf4 39. gxf4 f5 40. Bb7
Ne2 41. Kf1 Nxf4 42. Rd7+ Kf6 43. Bd5 Ke5 44. Bf7 Kf6 45. Be8 Ke5 46. Bf7 Kf6
47. Be8 Ke5 1/2-1/2

[Event "Col Ch "]
[Site "Ibague "]
[Date "2013.07.05"]
[Round "8.25"]
[White "Mateus, Alejandro"]
[Black "Zapata Cuartas, Juan Carlos"]
[Result "1-0"]
[WhiteElo "2289"]
[BlackElo "2089"]
[PlyCount "59"]
[EventDate "2013.07.01"]
[EventType "swiss"]
[EventRounds "11"]
[EventCountry "COL"]
[SourceDate "2005.09.12"]

1. e4 c5 2. Nf3 d6 3. d4 cxd4 4. Nxd4 Nf6 5. Nc3 a6 6. Bg5 e6 7. f4 Be7 8. Qf3
Qc7 9. O-O-O Nbd7 10. g4 b5 11. Bxf6 Nxf6 12. g5 Nd7 13. f5 Bxg5+ 14. Kb1 Ne5
15. Qh5 Qe7 16. Nxe6 Bxe6 17. fxe6 g6 18. exf7+ Kxf7 19. Qh3 Kg7 20. Nd5 Qa7
21. Qg3 Bh6 22. h4 Raf8 23. Qa3 Qc5 24. Qxa6 Nf3 25. Bh3 Rf7 26. Qb6 Nd2+ 27.
Ka1 Qxc2 28. Qd4+ Kg8 29. Be6 Bg7 30. Nf6+ 1-0

[Event "Col Ch "]
[Site "Ibague "]
[Date "2013.07.05"]
[Round "8.27"]
[White "Culma, Ruben"]
[Black "Beltran, Carlos Armando"]
[Result "0-1"]
[WhiteElo "2029"]
[BlackElo "2237"]
[PlyCount "102"]
[EventDate "2013.07.01"]
[EventType "swiss"]
[EventRounds "11"]
[EventCountry "COL"]
[SourceDate "2005.09.12"]

1. d4 e6 2. Bf4 Nf6 3. e3 c5 4. c3 Qb6 5. Qb3 Qxb3 6. axb3 Nc6 7. h3 b6 8. Nd2
Bb7 9. Ngf3 Be7 10. Bd3 cxd4 11. exd4 O-O 12. O-O h6 13. Bh2 d6 14. Rfe1 Rfd8
15. Ba6 Bxa6 16. Rxa6 Nd5 17. b4 Nc7 18. Raa1 Kf8 19. Nc4 Rab8 20. Re2 Rb7 21.
g4 b5 22. Na5 Nxa5 23. Rxa5 Nd5 24. Nd2 Rdd7 25. Nb3 Bd8 26. Ra6 Rb6 27. Ra5
Ke7 28. f4 Rc6 29. Rxb5 Rxc3 30. Na5 Rc1+ 31. Kg2 Nb6 32. d5 a6 33. Nc6+ Kf6
34. dxe6 axb5 35. exd7 Rxc6 36. Re8 Nxd7 37. Rxd8 Ke7 38. Ra8 Rc2+ 39. Kg1 Rxb2
40. Ra7 Rxb4 41. Bg3 Rb1+ 42. Kg2 b4 43. h4 b3 44. Rb7 Kd8 45. h5 Kc8 46. Rb5
Kc7 47. g5 Kc6 48. Rb4 Nc5 49. f5 f6 50. g6 Nd3 51. Rb8 b2 0-1

[Event "Col Ch "]
[Site "Ibague "]
[Date "2013.07.05"]
[Round "8.28"]
[White "Valle, Efrain"]
[Black "Torres, Jaime Alberto"]
[Result "1-0"]
[WhiteElo "2229"]
[BlackElo "2052"]
[PlyCount "59"]
[EventDate "2013.07.01"]
[EventType "swiss"]
[EventRounds "11"]
[EventCountry "COL"]
[SourceDate "2005.09.12"]

1. e4 c5 2. Nf3 Nc6 3. Bc4 e6 4. O-O Qc7 5. Re1 Nf6 6. c3 Be7 7. d4 cxd4 8. e5
Ng4 9. cxd4 Ncxe5 10. dxe5 Qxc4 11. h3 Nh6 12. Bxh6 gxh6 13. Nbd2 Qa6 14. Ne4
b5 15. Qd2 Bb7 16. Qxh6 O-O-O 17. Qf4 Rdf8 18. Red1 Bc6 19. Nd4 Bd5 20. Nc3 Bc6
21. a4 b4 22. Ncb5 Rhg8 23. Nxc6 dxc6 24. Nd6+ Kb8 25. Qxb4+ Ka8 26. Qe4 f5 27.
Qf3 Rd8 28. Rac1 Qxa4 29. Rxc6 Bxd6 30. Rc8# 1-0

[Event "Col Ch "]
[Site "Ibague "]
[Date "2013.07.05"]
[Round "8.29"]
[White "Ospina Ortiz, Oscar Alexander"]
[Black "Castaneda, Jorge Luis"]
[Result "0-1"]
[WhiteElo "1943"]
[BlackElo "2199"]
[PlyCount "86"]
[EventDate "2013.07.01"]
[EventType "swiss"]
[EventRounds "11"]
[EventCountry "COL"]
[SourceDate "2005.09.12"]

1. d4 Nf6 2. c4 e6 3. Nc3 Bb4 4. Qc2 O-O 5. Nf3 b6 6. a3 Bxc3+ 7. Qxc3 Bb7 8.
Bg5 d6 9. e3 Nbd7 10. Be2 Qe8 11. Bxf6 Nxf6 12. Rc1 Ne4 13. Qc2 f5 14. O-O Rf6
15. c5 Bd5 16. cxd6 cxd6 17. Ne1 Rf8 18. Nd3 Rc8 19. Qd1 Rxc1 20. Qxc1 Qd7 21.
Nf4 Rc8 22. Qd1 Bb7 23. d5 e5 24. Ne6 Nf6 25. Qd2 Bxd5 26. Ng5 Qc6 27. Rd1 g6
28. Qb4 h6 29. Nh3 Qc5 30. Qh4 Kg7 31. Bd3 Bc6 32. Qg3 Qd5 33. f4 e4 34. Be2
Qc5 35. b4 Qc2 36. Qe1 Bd5 37. Bf1 Qc3 38. Qf2 Ng4 39. Qh4 Qxe3+ 40. Kh1 Nf6
41. Nf2 Rc1 42. g4 Rxd1 43. Nxd1 Qf3+ 0-1

[Event "Col Ch "]
[Site "Ibague "]
[Date "2013.07.05"]
[Round "8.30"]
[White "Lora, Joel Fernando"]
[Black "Lopez Idarraga, Daniel Eduardo"]
[Result "0-1"]
[WhiteElo "2151"]
[BlackElo "2053"]
[PlyCount "98"]
[EventDate "2013.07.01"]
[EventType "swiss"]
[EventRounds "11"]
[EventCountry "COL"]
[SourceDate "2005.09.12"]

1. d4 d5 2. c4 c6 3. Nc3 e6 4. e3 f5 5. Bd3 Bd6 6. Nge2 Nf6 7. f3 O-O 8. O-O
Nbd7 9. b3 b6 10. cxd5 Nxd5 11. g3 Nxc3 12. Nxc3 Bb7 13. Qe2 e5 14. Bc4+ Kh8
15. d5 cxd5 16. Bxd5 Bxd5 17. Nxd5 Nf6 18. Rd1 Bc5 19. Nxf6 Qxf6 20. Bb2 f4 21.
gxf4 Qxf4 22. Rd3 e4 23. fxe4 Qxe4 24. Re1 Rf4 25. h3 Raf8 26. Bd4 Rf2 27. Qg4
Qxg4+ 28. hxg4 Rxa2 29. Bxc5 bxc5 30. Rf1 Rb8 31. Rc1 h6 32. Rxc5 a5 33. Rc4
Rb2 34. Re4 Kh7 35. Kf1 Rb5 36. Re6 Rc5 37. Red6 Rc1+ 38. Rd1 Rcc2 39. R6d4
Rxb3 40. Ra1 Kg6 41. Ke1 Rh2 42. Rc1 Rxe3+ 43. Kf1 Rb3 44. Rc6+ Kh7 45. Kg1 Ra2
46. Rc1 a4 47. Rf1 a3 48. Ra4 Kg6 49. Rf5 Rc2 0-1

[Event "Col Ch "]
[Site "Ibague "]
[Date "2013.07.05"]
[Round "8.31"]
[White "Florez, Carlos Julio"]
[Black "Otero, Alvaro Junior"]
[Result "1-0"]
[WhiteElo "2130"]
[BlackElo "2018"]
[PlyCount "155"]
[EventDate "2013.07.01"]
[EventType "swiss"]
[EventRounds "11"]
[EventCountry "COL"]
[SourceDate "2005.09.12"]

1. e4 c5 2. Nc3 Nc6 3. f4 e6 4. Bb5 Nge7 5. Nf3 g6 6. e5 Bg7 7. Ne4 b6 8. Nd6+
Kf8 9. Ng5 f6 10. Bxc6 dxc6 11. Ngf7 Qc7 12. Nxh8 Bxh8 13. O-O Nf5 14. Nxf5
exf5 15. exf6 Bxf6 16. d3 Be6 17. Re1 Bf7 18. a4 Rd8 19. Qf3 c4 20. dxc4 Bxc4
21. c3 Bd5 22. Qg3 Be4 23. Be3 Rd3 24. Red1 Qd8 25. Rxd3 Qxd3 26. Qf2 c5 27. a5
Qd7 28. axb6 axb6 29. Qd2 Qc6 30. Ra7 Be7 31. Qd7 Qxd7 32. Rxd7 Ke8 33. Ra7 h6
34. Kf2 Bc6 35. g3 Kf7 36. c4 Ke6 37. Bd2 g5 38. Bc3 Be4 39. Ke3 h5 40. Be5 h4
41. Kd2 hxg3 42. hxg3 gxf4 43. gxf4 Bd6 44. Bxd6 Kxd6 45. Rg7 Kc6 46. Kc3 Bf3
47. Rf7 Be4 48. Kd2 Bb1 49. Ke3 Bc2 50. Kd2 Bb1 51. Kc3 Be4 52. Kb3 Bd3 53. Kc3
Bb1 54. b3 Be4 55. Rh7 Bb1 56. Rh6+ Kc7 57. Re6 Be4 58. Kd2 Bf3 59. Rg6 Be4 60.
Rg3 Kd6 61. Re3 Ke6 62. Rh3 Kd6 63. Rh6+ Kc7 64. Re6 Bf3 65. Re3 Bg4 66. Ke1
Kb7 67. Kf2 Ka6 68. Rg3 Bd1 69. Ke1 Bc2 70. Kd2 Be4 71. Re3 Bg2 72. Re6 Kb7 73.
Kc3 Kc7 74. b4 Bh3 75. Kb3 cxb4 76. Kxb4 Bg2 77. Kb5 Bf1 78. Rc6+ 1-0

[Event "Col Ch "]
[Site "Ibague "]
[Date "2013.07.05"]
[Round "8.33"]
[White "Diaz Arboleda, Daniel"]
[Black "Zapata Arbelaez, Estiven"]
[Result "1-0"]
[WhiteElo "2110"]
[BlackElo "2001"]
[PlyCount "69"]
[EventDate "2013.07.01"]
[EventType "swiss"]
[EventRounds "11"]
[EventCountry "COL"]
[SourceDate "2005.09.12"]

1. d4 d5 2. c4 c6 3. Nc3 Nf6 4. Nf3 e6 5. e3 Nbd7 6. Qc2 Bd6 7. g4 h6 8. Bd2 a6
9. Rg1 b5 10. cxd5 cxd5 11. a3 Bb7 12. Bd3 Rc8 13. h4 Nb6 14. Qb1 Nc4 15. g5
Nd7 16. e4 b4 17. axb4 Bxb4 18. Bxc4 Rxc4 19. exd5 Bxc3 20. bxc3 Bxd5 21. Qd3
Rc6 22. Bf4 Qc8 23. Kd2 Bxf3 24. Qxf3 Nb6 25. Rgb1 hxg5 26. hxg5 Ke7 27. Rb3
Nc4+ 28. Ke2 a5 29. Rab1 Rd8 30. Ke1 Qa6 31. g6 f6 32. Qh3 Nd6 33. Qh7 Nf5 34.
Rb7+ Rd7 35. Qg8 1-0

[Event "Col Ch "]
[Site "Ibague "]
[Date "2013.07.05"]
[Round "8.35"]
[White "Escobar, Cesar"]
[Black "Posada, Juan Manuel"]
[Result "0-1"]
[WhiteElo "1742"]
[BlackElo "2101"]
[PlyCount "90"]
[EventDate "2013.07.01"]
[EventType "swiss"]
[EventRounds "11"]
[EventCountry "COL"]
[SourceDate "2005.09.12"]

1. e4 c5 2. Nf3 Nc6 3. Bc4 e6 4. d4 cxd4 5. Nxd4 Nf6 6. Nc3 Bb4 7. Nxc6 bxc6 8.
O-O d5 9. exd5 cxd5 10. Bb5+ Bd7 11. Qd4 Be7 12. Bd3 O-O 13. Kh1 Qc7 14. Bf4
Bc5 15. Qe5 Qxe5 16. Bxe5 Ng4 17. Bg3 Bc6 18. Rad1 f6 19. Nb5 Rad8 20. Nc7 Kf7
21. Rde1 e5 22. Bf5 Nh6 23. Be6+ Ke7 24. Bh3 Rd6 25. f4 e4 26. f5 Bb6 27. Bxd6+
Kxd6 28. Ne6 Rc8 29. Rd1 Bb5 30. Rfe1 Rxc2 31. Nf4 d4 32. Rxe4 Rxb2 33. Re6+
Kd7 34. Nd5 Bc5 35. Nc3 Bc6 36. Ne2 Bd5 37. Nxd4 Bxd4 38. Ree1 Rb4 39. Rd3 Kd6
40. Red1 Ke5 41. Rg3 Nf7 42. Rgd3 Ng5 43. Re1+ Ne4 44. Ra3 Kd6 45. Ra6+ Bb6 0-1

[Event "Col Ch "]
[Site "Ibague "]
[Date "2013.07.05"]
[Round "8.36"]
[White "Arango Arenas, Juan Camilo"]
[Black "Valdes, Nicolas"]
[Result "1-0"]
[WhiteElo "1600"]
[BlackElo "2095"]
[PlyCount "115"]
[EventDate "2013.07.01"]
[EventType "swiss"]
[EventRounds "11"]
[EventCountry "COL"]
[SourceDate "2005.09.12"]

1. e4 e5 2. Nf3 Nc6 3. d4 exd4 4. Bc4 Bb4+ 5. c3 dxc3 6. bxc3 Ba5 7. Qb3 Qf6 8.
O-O d6 9. e5 dxe5 10. Re1 Bb6 11. Bg5 Qf5 12. a4 Bd7 13. a5 Bc5 14. Qxb7 Rb8
15. Qxc7 f6 16. Bh4 Nge7 17. Nbd2 Nc8 18. Ne4 Be7 19. Bd5 Bd8 20. Qd6 Be7 21.
Qc7 Bd8 22. Nd6+ Nxd6 23. Qxd6 Be7 24. Nd4 Qg4 25. Rxe5 fxe5 26. Bxe7 exd4 27.
Re1 Qe2 28. Qxb8+ Nxb8 29. Rxe2 d3 30. Re3 d2 31. Bg5+ Kf8 32. Be7+ Ke8 33.
Bg5+ Kf8 34. Be7+ Ke8 35. Bg5+ Kf8 36. Rf3+ Ke8 37. Bxd2 Bc6 38. Re3+ Kd8 39.
Rd3 Kc7 40. Bf4+ Kb7 41. c4 Ka6 42. Be3 Rd8 43. h4 Bxd5 44. cxd5 Nc6 45. d6 Rd7
46. Bd2 Kb5 47. Be1 Kc5 48. f4 Rxd6 49. Bf2+ Nd4 50. Rxd4 Rxd4 51. g4 Kd5 52.
Bxd4 Kxd4 53. Kg2 Ke4 54. Kg3 g6 55. g5 a6 56. Kg4 Kd5 57. f5 Ke5 58. f6 1-0

[Event "Col Ch "]
[Site "Ibague "]
[Date "2013.07.05"]
[Round "8.37"]
[White "Agudelo, Carlos Hernan"]
[Black "Lopez Hernandez, Carlos Manuel"]
[Result "0-1"]
[WhiteElo "2065"]
[BlackElo "2320"]
[PlyCount "72"]
[EventDate "2013.07.01"]
[EventType "swiss"]
[EventRounds "11"]
[EventCountry "COL"]
[SourceDate "2005.09.12"]

1. c3 Nf6 2. d4 g6 3. g3 Bg7 4. Bg2 d5 5. f4 O-O 6. Nf3 c5 7. e3 Nc6 8. O-O b6
9. Ne5 Bb7 10. Nd2 Rc8 11. Ndf3 Ne4 12. Nxc6 Bxc6 13. Ne5 Bb5 14. Re1 Qd6 15.
Nd3 Rc7 16. Nf2 f5 17. Nxe4 fxe4 18. a4 Bd7 19. a5 b5 20. Rf1 c4 21. b4 cxb3
22. Qxb3 Rc4 23. Ba3 Qc6 24. Rfc1 Rc8 25. Bb4 Qe6 26. Bc5 a6 27. Bf1 R4xc5 28.
dxc5 Rxc5 29. Ra2 d4 30. Qxe6+ Bxe6 31. Rb2 Rxc3 32. Rbc2 b4 33. Bxa6 d3 34.
Rxc3 bxc3 35. Bb7 d2 36. Rf1 c2 0-1

[Event "Col Ch "]
[Site "Ibague "]
[Date "2013.07.05"]
[Round "8.38"]
[White "Garavito, Miguel Angel"]
[Black "Vasquez, Nuremberg Ad"]
[Result "1-0"]
[WhiteElo "2263"]
[BlackElo "2002"]
[PlyCount "47"]
[EventDate "2013.07.01"]
[EventType "swiss"]
[EventRounds "11"]
[EventCountry "COL"]
[SourceDate "2005.09.12"]

1. Nf3 Nf6 2. c4 g6 3. Nc3 Bg7 4. g3 d6 5. d4 O-O 6. Bg2 c5 7. O-O Nbd7 8. h3
Rb8 9. Be3 Qa5 10. Qd2 Re8 11. Rfd1 cxd4 12. Nxd4 Ne5 13. b3 Bd7 14. Bg5 Kh8
15. Rac1 Nc6 16. Nf3 Ne5 17. Nxe5 Qxe5 18. c5 Qxc5 19. Bxf6 exf6 20. Ne4 Qh5
21. Nxd6 Re7 22. Nc8 Rxe2 23. Qxd7 Bh6 24. Qxf7 1-0

[Event "Col Ch "]
[Site "Ibague "]
[Date "2013.07.05"]
[Round "8.39"]
[White "Martinez, Mauricio"]
[Black "Contreras, Henry"]
[Result "1/2-1/2"]
[WhiteElo "2010"]
[BlackElo "2230"]
[PlyCount "35"]
[EventDate "2013.07.01"]
[EventType "swiss"]
[EventRounds "11"]
[EventCountry "COL"]
[SourceDate "2005.09.12"]

1. e4 c5 2. Nf3 d6 3. d4 cxd4 4. Qxd4 Nf6 5. Bb5+ Nbd7 6. Bxd7+ Bxd7 7. c4 g6
8. Nc3 Bg7 9. h3 O-O 10. Qd3 Qa5 11. Bd2 a6 12. O-O Rfc8 13. Nd5 Qd8 14. Nxf6+
Bxf6 15. Rab1 b5 16. b3 bxc4 17. bxc4 Be6 18. Rfc1 1/2-1/2

[Event "Col Ch "]
[Site "Ibague "]
[Date "2013.07.05"]
[Round "8.40"]
[White "Torres, Jorge Emilio"]
[Black "Martinez, Jorge Alexander"]
[Result "1/2-1/2"]
[WhiteElo "2000"]
[BlackElo "2189"]
[PlyCount "142"]
[EventDate "2013.07.01"]
[EventType "swiss"]
[EventRounds "11"]
[EventCountry "COL"]
[SourceDate "2005.09.12"]

1. d4 Nf6 2. Nf3 e6 3. Bf4 b6 4. e3 Bb7 5. Bd3 Be7 6. O-O c5 7. Nbd2 cxd4 8.
exd4 Nc6 9. a3 Rc8 10. Re1 d5 11. Qe2 O-O 12. c3 Re8 13. Rad1 Nd7 14. Nf1 Na5
15. Ng3 Nc4 16. Ne5 Ncxe5 17. dxe5 Nf8 18. Qg4 Ng6 19. Nh5 Bf8 20. Re3 Qh4 21.
Qxh4 Nxh4 22. Rh3 Ng6 23. Bg3 Rc5 24. f4 Ra5 25. Bf2 Rc8 26. Ra1 Bc6 27. b4 Ra4
28. Bc2 Ra6 29. Bd3 Ra4 30. Bd4 Be7 31. g4 Bd7 32. Kf2 b5 33. f5 Nf8 34. Nf4
Bd8 35. Bc2 Ra6 36. Bd3 Bb6 37. Ke3 Rxc3 38. Bxb6 axb6 39. fxe6 fxe6 40. Kd4
Rc8 41. Ne2 Rca8 42. Rf3 Be8 43. h4 Ng6 44. Raf1 Bd7 45. Rf7 Nf8 46. Re7 Re8
47. Rxf8+ Rxf8 48. Rxd7 Rxa3 49. Ke3 Rb3 50. Nd4 Rxb4 51. Nxe6 Re8 52. Rxg7+
Kh8 53. Rxh7+ Kg8 54. Rg7+ Kh8 55. Rg6 Re7 56. Rf6 Rxg4 57. Bf5 d4+ 58. Kd3
Rg3+ 59. Kxd4 b4 60. Rf8+ Rg8 61. Rxg8+ Kxg8 62. Kc4 Kf7 63. Ng5+ Kg7 64. e6
Kf6 65. Bg4 Re8 66. Kxb4 Rh8 67. Nf3 Rg8 68. Bh3 Rg3 69. Ng5 Rd3 70. Kb5 Rd4
71. Kxb6 Rxh4 1/2-1/2

[Event "Col Ch "]
[Site "Ibague "]
[Date "2013.07.05"]
[Round "8.42"]
[White "Hernandez, Oscar Eduardo"]
[Black "Perez Pineda, Elkin Dario"]
[Result "1/2-1/2"]
[WhiteElo "1970"]
[BlackElo "2159"]
[PlyCount "31"]
[EventDate "2013.07.01"]
[EventType "swiss"]
[EventRounds "11"]
[EventCountry "COL"]
[SourceDate "2005.09.12"]

1. e4 e5 2. Nf3 Nc6 3. Bc4 Bc5 4. Nc3 Nf6 5. d3 d6 6. h3 Be6 7. Bb3 Qd7 8. Be3
Bb6 9. Qd2 O-O-O 10. Nd5 Bxd5 11. exd5 Nd4 12. Bxd4 exd4 13. O-O-O Rhe8 14.
Rde1 Re7 15. Re2 Rde8 16. Rhe1 1/2-1/2

[Event "Col Ch "]
[Site "Ibague "]
[Date "2013.07.05"]
[Round "8.44"]
[White "Botello, Gregory Paul"]
[Black "Cespedes, Jaime"]
[Result "1/2-1/2"]
[WhiteElo "1940"]
[BlackElo "2138"]
[PlyCount "39"]
[EventDate "2013.07.01"]
[EventType "swiss"]
[EventRounds "11"]
[EventCountry "COL"]
[SourceDate "2005.09.12"]

1. e4 Nf6 2. e5 Nd5 3. c4 Nb6 4. c5 Nd5 5. Nc3 e6 6. Bc4 Bxc5 7. Nxd5 exd5 8.
Bxd5 O-O 9. Nf3 d6 10. d4 Bb4+ 11. Bd2 Bxd2+ 12. Qxd2 c6 13. Be4 dxe5 14. dxe5
Qxd2+ 15. Kxd2 Re8 16. Rhe1 Nd7 17. Rad1 Nc5 18. Bc2 Bg4 19. Kc3 Nd7 20. Rd3
1/2-1/2

[Event "Col Ch "]
[Site "Ibague "]
[Date "2013.07.05"]
[Round "8.46"]
[White "Osorio, Alejandro"]
[Black "Hernandez, Cristian Andres"]
[Result "1/2-1/2"]
[WhiteElo "1883"]
[BlackElo "2113"]
[PlyCount "62"]
[EventDate "2013.07.01"]
[EventType "swiss"]
[EventRounds "11"]
[EventCountry "COL"]
[SourceDate "2005.09.12"]

1. d4 Nf6 2. c4 g6 3. Nc3 Bg7 4. e4 d6 5. Bg5 h6 6. Bh4 g5 7. Bg3 c5 8. d5 Qa5
9. Qd2 Nh5 10. Bd3 Nd7 11. Nge2 Nf8 12. Nb5 Qxd2+ 13. Kxd2 Kd8 14. Nbc3 Ng6 15.
f3 Nxg3 16. hxg3 h5 17. Kc2 a6 18. a4 Ne5 19. a5 Bd7 20. Na4 Kc7 21. Nb6 Rag8
22. Rab1 f5 23. Nxd7 Nxd3 24. Kxd3 fxe4+ 25. Kxe4 Kxd7 26. b4 cxb4 27. Rxb4 Kc7
28. Rhb1 Rb8 29. Nd4 Bxd4 30. Kxd4 h4 31. g4 Rhf8 1/2-1/2

[Event "Col Ch "]
[Site "Ibague "]
[Date "2013.07.05"]
[Round "8.47"]
[White "Agudelo, Oscar Marino"]
[Black "Cespedes, Cesar Ivan"]
[Result "0-1"]
[WhiteElo "1739"]
[BlackElo "2111"]
[PlyCount "49"]
[EventDate "2013.07.01"]
[EventType "swiss"]
[EventRounds "11"]
[EventCountry "COL"]
[SourceDate "2005.09.12"]

1. Nc3 d5 2. e4 d4 3. Nce2 e5 4. Ng3 Be6 5. Be2 c5 6. d3 Nc6 7. f4 f6 8. Nf3
Qc7 9. fxe5 Nxe5 10. Nxe5 fxe5 11. Bg4 Bxg4 12. Qxg4 Qd7 13. Qh5+ g6 14. Qh4
Be7 15. Bg5 Bxg5 16. Qxg5 Qe7 17. Qg4 Nf6 18. Qh4 Kd7 19. O-O Rhf8 20. Rf3 Kd6
21. Raf1 Nd7 22. Qh6 Rxf3 23. Rxf3 Rf8 24. h3 Rxf3 25. gxf3 0-1

[Event "Col Ch "]
[Site "Ibague "]
[Date "2013.07.05"]
[Round "8.48"]
[White "Ruge, Edison"]
[Black "Melo, Marlon"]
[Result "1-0"]
[WhiteElo "2231"]
[BlackElo "1914"]
[PlyCount "59"]
[EventDate "2013.07.01"]
[EventType "swiss"]
[EventRounds "11"]
[EventCountry "COL"]
[SourceDate "2005.09.12"]

1. e4 e5 2. Nf3 d6 3. d4 Nd7 4. Bc4 c6 5. O-O Be7 6. c3 Nb6 7. Bb3 Qc7 8. Ng5
Bxg5 9. Bxg5 f6 10. Be3 Ne7 11. f4 exf4 12. Bxf4 Ng6 13. Bg3 Qe7 14. e5 d5 15.
exf6 gxf6 16. Re1 Be6 17. Bc2 Kd7 18. Bf5 Nf8 19. Qg4 Re8 20. Qf4 Rc8 21. Nd2
c5 22. Nb3 Na4 23. Re2 c4 24. Rae1 Rc6 25. Na5 Rb6 26. Qc7+ Ke8 27. Qc8+ Kf7
28. Bxe6+ Rxe6 29. Rxe6 Nxe6 30. Qxh8 1-0